Welcome to the Holygrace Academy Library

Please use search bar below to get started

ADJECTIVE (Record no. 4647)

MARC details
000 -LEADER
fixed length control field 00306nam a22001337a 4500
020 ## - INTERNATIONAL STANDARD BOOK NUMBER
ISBN 81-8022-091-5
082 ## - DEWEY DECIMAL CLASSIFICATION NUMBER
Classification number 000
Item number PRI/A
100 ## - MAIN ENTRY--AUTHOR NAME
Personal name PRIORITY PUBLICATIONS
245 ## - TITLE STATEMENT
Title ADJECTIVE
260 ## - PUBLICATION, DISTRIBUTION, ETC. (IMPRINT)
Place of publication INDIA
Name of publisher PRIORITY PUBLICATIONS
300 ## - PHYSICAL DESCRIPTION
Number of Pages 12
650 ## - SUBJECT ADDED ENTRY--TOPICAL TERM
Topical Term MY LITTLE BOOK OF GRAMMAR
Geographic subdivision INDIA
942 ## - ADDED ENTRY ELEMENTS (KOHA)
Koha item type Books
Holdings
Withdrawn status Lost status Collection code Home library Current library Shelving location Date acquired Source of acquisition Full call number Accession Number Koha item type
    Fiction Main Library Main Library SHELF 15A- T SECTIO NOVELS& FICTION & LEAFLET BOOKS 20/05/2010 purchase 000 PRI/A 05246 Books